Tableau périodique des éléments : Éléments par M - Statistiques

Statistiques générales
  • Ce quiz a été pris 422 fois
  • Le résultat moyen est 5 sur 7
Statistiques - réponses
Éléments % Correct
Magnésium
94%
Manganèse
93%
Molybdène
67%
Mercure
64%
Mendélévium
62%
Moscovium
50%
Meitnérium
45%
Aucun quiz correspondant
Distribution des résultats
% des personnes avec chaque résultat
Percentile par nombre de réponses
Votre historique - résultats
Vous n’avez pas pris ce quiz